| 000 -LEADER |
| fixed length control field |
00733pam a2200217 a 4500 |
| 001 - CONTROL NUMBER |
| control field |
3959039 |
| 005 - DATE AND TIME OF LATEST TRANSACTION |
| control field |
20240123162319.0 |
| 008 - FIXED-LENGTH DATA ELEMENTS--GENERAL INFORMATION |
| fixed length control field |
940223s1994 enk b 001 0 eng |
| 020 ## - INTERNATIONAL STANDARD BOOK NUMBER |
| International Standard Book Number |
9780486680293 |
| 041 ## - LANGUAGE CODE |
| Language code of text/sound track or separate title |
eng |
| 080 ## - UNIVERSAL DECIMAL CLASSIFICATION NUMBER |
| Universal Decimal Classification number |
519.4 I-85 |
| 100 1# - MAIN ENTRY--PERSONAL NAME |
| Personal name |
Isaacson, Eugene. |
| 9 (RLIN) |
12904 |
| 245 10 - TITLE STATEMENT |
| Title |
Analysis of numerical methods / |
| Statement of responsibility, etc. |
Eugene Isaacson, Herbert Bishop Keller. |
| 264 ## - PRODUCTION, PUBLICATION, DISTRIBUTION, MANUFACTURE, AND COPYRIGHT NOTICE |
| Place of production, publication, distribution, manufacture |
New York : |
| Name of producer, publisher, distributor, manufacturer |
Dover Publications, |
| Date of production, publication, distribution, manufacture, or copyright notice |
1994. |
| 300 ## - PHYSICAL DESCRIPTION |
| Extent |
541 p. ; |
| Dimensions |
22 cm. |
| 653 ## - INDEX TERM--UNCONTROLLED |
| keyword |
მათემატიკა |
| 653 ## - INDEX TERM--UNCONTROLLED |
| keyword |
რიცხვითი ანალიზი |
| 700 1# - ADDED ENTRY--PERSONAL NAME |
| Personal name |
Keller, Herbert Bishop. |
| 9 (RLIN) |
12905 |
| 856 42 - ELECTRONIC LOCATION AND ACCESS |
| Materials specified |
Publisher description |
| Uniform Resource Identifier |
http://www.loc.gov/catdir/description/dover031/94007740.html |
| 942 ## - ADDED ENTRY ELEMENTS (KOHA) |
| Source of classification or shelving scheme |
|
| Koha item type |
წიგნი |